00872nam a22002297a 4500999001900000005001700019010001500036020002700051035001400078037001300092082001200105245011100117260003500228270011200263300002400375500003400399700001800433700002100451700002200472942002600494952012200520 c169540d16954020191122145710.0 aENG-126989 a9789388881128c1350.00 aEN-110521 bDBAD/PUB a338.954 a25 years of economic reforms & north east india /ced.by Bibhas Dhar, Sutapa sengupta and Siddheswar Sarma aGuwahatic2019bEBH publishers bGuwahatia136, M.L. Nehru Road, Panbazar Guwahati, Assame781001k913612513876measternbookshouse@gmail.com axx; 289p.c24cm(Hb) aIncludes references and index aDhar, Bibhash aSengupta, Sutapa aSarma, siddheswar 2ddccENh338.954mYEA 001040708NFICaLbLd2019-11-22eDBAD/PUBg1350.00l0o338.954 YEApEN-110521r2019-11-22 00:00:00t1v1350.00yEN